| 000 | 00680nam a2200217 a 4500 | ||
|---|---|---|---|
| 999 |
_c10063 _d10063 |
||
| 001 | 10063 | ||
| 003 | BD-JhCC | ||
| 005 | 20180405095502.0 | ||
| 008 | 180405s1978 ii |||| ||a| 000 0 ben d | ||
| 035 | _a(BD-JhCC)10063 | ||
| 040 |
_aBD-JhCC _dBD-JhCC |
||
| 041 | _aben | ||
| 082 |
_a891.4409 _bKAL 1978 |
||
| 245 |
_aকালকূট রচনা সমগ্র / _bসাগরময় ঘোষ সম্পাদিত |
||
| 260 |
_aকলিকাতা : _bমৌসুমীি প্রকাশনী, _c1978 |
||
| 300 |
_a394 p. : _c22 cm. |
||
| 650 | _aCollection of Works | ||
| 700 | _aঘোষ, সাগরময় | ||
| 942 |
_2ddc _cBK |
||